00309nam a22001097a 4500040000900000082001700009100001900026245007600045260006100121300001000182521000700192 cNUST a621.433bMOD aForenz, Thomas aTurbine Aero Plane Structures and System :bModule 11A /cThomas Forenz aUnited States :bAircraft Technical Book Company;c2016. a690p. bHB